Geografía general / cpor Manuel Zabala Urdaniz

Saved in:
Bibliographic Details
Main Author: Zabala Urdaniz, Manuel
Format: Book
Language:Spanish
Published: Madrid : Establecimiento Tipográfico de Jaime Ratés, 1918
Textbook Catalogue:MANES:  Library Catalog Search Result
Textbook Classification:
Subjects:
Tags: Add Tag
No Tags, Be the first to tag this record!
Added to:1999-11-29
Changed in:2025-12-22

MARC

LEADER 00000cam a2200000#i 4500
003 OSt
005 20251222162454.0
008 000000s1918 espab fp 000 0 spa d
040 |a uned  |b spa  |c entro-manes 
100 1 |a Zabala Urdaniz, Manuel  |9 38405 
245 1 0 |a Geografía general / cpor Manuel Zabala Urdaniz 
260 |a Madrid :   |b Establecimiento Tipográfico de Jaime Ratés,   |c 1918 
300 |a <2> (362 p., [4] h. de mapas :   |b il.) 
505 1 |g II.   |t Las cinco partes del mundo y Europa en particular 
546 |a España 
561 |5 es-BUNED  |3 L.T. 2524  |a España. Fondo Manes UNED  |k MANES 
650 7 |a Libros de texto  |9 37096 
690 |a GEO 
691 0 |a PRI 
942 |2 ddc  |c BK 
999 |c 94449  |d 94449 
999 |c manes:94449  |d 94449